000
00404nam a2200181Ia 4500
008
100917s9999 xx 000 0 und d
082
_b
47051
100
_a
Barbara Goolden
245
_a
Minty
260
_b
White Lion
_c
1974
300
_a
152
365
_b
0
520
_a
बालविभाग
630
_a
Minty
650
_a
बालविभाग
730
_a
Minty
942
_c
BOOK
999
_c
652445
_d
652442